000 00495nam a2200181Ia 4500
008 090122s9999 xx 000 0 und d
082 _b12709
100 _aफाटक
_bअनुराधा
245 _aजीवदान
260 _bसानिया
_c2005
300 _a148
501 _aव्हि के बुक एजन्सीज
600 _aफाटक
630 _aजीवदान
700 _aफाटक
730 _aजीवदान
942 _cBOOK
999 _c36786
_d36786